000 00750nam a22002292 4500
001 0000005783
005 20151217152006.0
008 070717s xx 000 0 eng d
020 _a0877849730 :
_cKES 290
040 _aKABU
_cKABU
050 0 _aBR100
_b.W35
100 1 _aWalsh, Brian J.
_@0000157000
245 1 4 _aThe Transforming vision :
_bshaping a Christian world view /
_cBrian J. Walsh and J. Richard Middleton.
260 _aIllinois :
_bInter Varsity Press,
_c1984.
300 _a214 p.
650 0 _aChristianity
_xPhilosophy.
_@0000157001
650 0 _aChristianity and culture.
_@0000148811
700 1 _aMiddleton, J. Richard.
_@0000157002
908 _a070717
950 _@1
999 _c7072
_d7072